1878 1059 1445 1917 1137 1176 1606 1151 1280 1602 1850 1202 1354 1383 1427 1220 1412 1089 1449 1811 1486 1002 1078 1096 1757 1605 1056 1734 1003 1370 1831 1736 1872 1100 1830 1907 1897 1408 1063 1334 1201 1426 1747 1670 1277 1180 1632 1350 1740 1825 1360 1886 1641 1233 1798 1524 1506 1258 1109 1002 1969 1494 1098 1104 1295 1408 1660 1914 1588 1004 1713 1385 1478 1472 1572 1976 1657 1140 1314 1593 1173 1265 1294 1134 1324 1267 1668 1256 1296 1734 1202 1408 1178 1614 1793 1102 1206 1800 1546 BCNSPRNW ULIB Ver.6.0+V

เปลี่ยนเป็นภาษาไทย

Change to English
 แสดงรายละเอียดบรรณานุกรม
  กลับหน้าหลัก

Brief Record : Get Marc (ISO 2709) : E-mail record : QR code < ปิดหน้าต่าง
LEADER : 00000nam 2200000uu 4500
001    13399114397
003     ULIB
008    120327s2551||||th 000 0 tha d
020    ^a9789741383696
090    ^aนว.^bพ626จ 2551
100 0  ^aพาสเวิร์ด
245 00 ^aเจ้าหัวใจทะเลทราย/^cพาสเวิร์ด
250    ^aพิมพ์ครั้งที่ 3
260    ^aกรุงเทพฯ :^bอักษรศาสตร์,^c2551
300    ^a267 หน้า
710 1  ^aอักษรศาสตร์
945    ^p229^l0^i15405
995    ^aกัณชพร
999    ^aใช้งานได้ทุกระบบ
รายการนี้ยังไม่มีแท็ก
คุณยังไม่ได้ล็อกอิน คุณสามารถมีกิจกรรมร่วมกับเว็บไซต์ได้ แต่ต้องล็อกอินก่อน ::
  ล็อกอิน

รายการสื่อสารสนเทศ

ลำดับที่ ประเภท เลขเรียก/บาร์โค้ด สถานที่ สถานะ
1. วิทยาศาสตร์การแพทย์ และสุขภาพ
วิทยาศาสตร์การแพทย์ และสุขภาพ
นว. พ626จ 2551  
  Barcode: 15405
ห้องสมุดวิทยาเขตสวรรค์ประชารักษ์
►นวนิยาย
บนชั้น
  ขอยืม

รายการใกล้เคียง
    ผู้แต่ง [พาสเวิร์ด]

BibComment


ยังไม่เคยถูกคอมเมนท์

คอมเมนท์ทรัพยากรรายการนี้
  คอมเมนท์: เจ้าหัวใจทะเลทรา..


 Copyright 2026. Bcnsprnw @Library